75 Nomes mais populares do Brasil começando com R - Statistics

Estatísticas Gerais
  • Esse quiz foi jogado 402 vezes
  • A pontuação média é 39 de 75
Estatísticas das Respostas
# NOMES FREQUÊNCIA % Correto
7 Renata 347.001
90%
1 Rafael 821.638
89%
8 Renato 329.535
88%
4 Ricardo 469.703
87%
14 Rafaela 275.017
86%
49 Robert 38.733
84%
65 Raí 21.585
83%
59 Ronald 27.222
81%
3 Rodrigo 601.650
78%
10 Rosa 307.184
78%
5 Roberto 437.288
77%
22 Roberta 143.553
76%
47 Roger 40.981
76%
15 Ronaldo 270.324
75%
6 Rita 355.552
72%
12 Rogério 293.596
72%
13 Raquel 286.415
69%
31 Rute/Ruth 99.815
69%
26 Raíssa 113.640
68%
16 Regina 253.086
68%
44 Rose 48.516
67%
20 Renan/Renam 181.986
65%
24 Reinaldo 134.336
62%
28 Ruan 109.537
62%
35 Rian 75.652
61%
38 Raul 57.086
60%
18 Reginaldo 225.817
59%
19 Rosana 190.764
59%
37 Romário 59.881
58%
33 Rebeca 92.452
56%
9 Rosângela 310.889
56%
2 Raimundo 613.361
55%
61 Rivaldo 23.578
55%
58 Roni 27.501
55%
23 Raiane/Rayane 141.077
54%
29 Rubens 105.702
54%
50 Rui 38.333
54%
17 Robson 236.282
53%
66 Régis 20.602
51%
43 Richard 50.270
51%
11 Raimunda 297.300
50%
41 Rômulo 53.441
50%
40 Rodolfo 56.316
49%
36 Ramon/Ramom 74.182
48%
32 Regiane 96.826
48%
75 Rogéria 13.993
47%
34 Rosane 82.427
44%
30 Roseane/Rosiane 100.199
42%
21 Roseli 169.171
41%
63 Rúbia 22.349
41%
52 Romildo 35.972
40%
51 Rosimar/Rosemar 37.294
39%
68 Romeu 19.016
37%
27 Rosimeire/Rosemeire 112.914
36%
55 Romilda 29.227
35%
54 Rosália 31.660
35%
53 Ryan 34.333
35%
74 Roberval 14.362
34%
25 Rosilene 117.788
34%
62 Renê 23.471
33%
56 Raisa 28.641
30%
39 Rejane 56.389
30%
73 Rinaldo 15.976
30%
45 Rosilda 46.297
30%
72 Robério 16.569
29%
67 Ronildo 19.508
29%
42 Rosalina 53.034
29%
57 Rosemary/Rosemeri 28.448
28%
64 Ronei/Roney 21.659
27%
48 Roque 40.779
24%
71 Rosinete 18.044
20%
46 Rosineide 43.009
18%
69 Rosivaldo 18.450
18%
70 Renilda 18.092
13%
60 Rosenilda 24.440
9%
Nenhum quiz correspondente encontrado
Distribuição das Pontuações
Porcentagem de Pessoas com Cada Pontuação
Percentil de Números Respondidos
Sua Pontuação Histórica
Você não jogou esse quiz